[Event "Giovanni Pico Cup 7th"]
[Site "Mirandola"]
[Date "2014.01.10"]
[Round "1"]
[White "Cavicchi, Francesco"]
[Black "Guaragno, Michele"]
[Result "1/2-1/2"]
[WhiteElo "1705"]
[BlackElo "1965"]
[PlyCount "76"]
[EventDate "2014.01.10"]
[EventType "swiss"]
[EventRounds "5"]
[EventCountry "ITA"]
[SourceTitle "EXT 2015"]
[Source "ChessBase"]
[SourceDate "2014.11.20"]
[SourceVersion "1"]
[SourceVersionDate "2014.11.20"]
[SourceQuality "1"]

1. d4 d5 2. Nf3 Nf6 3. e3 g6 4. c4 e6 5. Nc3 Bg7 6. Bd2 0-0 7. Qc2 Nc6 8. a3 a6 9. Be2 dxc4 10. Bxc4 b5 11. Be2 Bb7 12. 0-0 Qd6 13. Ng5 e5 14. Nce4 Nxe4 15. Nxe4 Qd8 16. Nc5 Bc8 17. Bf3 Bf5 18. Qb3 Qe8 19. dxe5 Ra7 20. Bxc6 Qxc6 21. Rac1 Qb6 22. e4 Be6 23. Qg3 Raa8 24. Be3 Qb8 25. f4 Re8 26. f5 Bc4 27. Nd7 Qb7 28. Rf4 Bxe5 29. Nxe5 Rxe5 30. fxg6 hxg6 31. Rh4 Rxe4 32. Bd4 Rxd4 33. Rxd4 Qb6 34. Rcd1 Re8 35. Qf2 Kg7 36. Rd7 Qc6 37. Qd4+ Kh7 38. Qh4+ Kg7 1/2-1/2

[Event "Emilia Romagna Province-ch"]
[Site "Formigine"]
[Date "2007.04.28"]
[Round "2"]
[White "Cricca, Andrea"]
[Black "Cavicchi, Francesco"]
[Result "1-0"]
[WhiteElo "1698"]
[BlackElo "1440"]
[PlyCount "41"]
[EventDate "2007.04.28"]
[EventType "swiss"]
[EventRounds "6"]
[EventCountry "ITA"]
[SourceTitle "EXT 2009"]
[Source "ChessBase"]
[SourceDate "2008.11.26"]
[SourceVersion "1"]
[SourceVersionDate "2008.11.26"]
[SourceQuality "1"]

1. c4 f5 2. d4 g6 3. Nc3 Nf6 4. g3 Bg7 5. Bg2 c6 6. d5 d6 7. e3 e5 8. Nge2 c5 9. Bd2 a5 10. 0-0 Bd7 11. e4 h6 12. f4 Ng8 13. exf5 Bxf5 14. fxe5 Bxe5 15. Bf4 Bxf4 16. Nxf4 Na6 17. Be4 Bxe4 18. Nxe4 g5 19. Ng6 Ne7 20. Nxh8 Kd7 21. Nf7 1-0